Stock price trend and outlook for 1990

Kaydedildi:
Detaylı Bibliyografya
Materyal Türü: Kitap
Dil:Undetermined
Baskı/Yayın Bilgisi: Tokyo International Business Department 1990
Konular:
Etiketler: Etiketle
Etiket eklenmemiş, İlk siz ekleyin!
Thư viện lưu trữ: Trung tâm Học liệu Trường Đại học Cần Thơ
LEADER 00405nam a2200145Ia 4500
001 CTU_77848
008 210402s9999 xx 000 0 und d
082 |a 332.632 
082 |b S864 
245 0 |a Stock price trend and outlook for 1990 
260 |a Tokyo 
260 |b International Business Department 
260 |c 1990 
650 |a Stock price 
980 |a Trung tâm Học liệu Trường Đại học Cần Thơ